<?xml version="1.0" encoding="UTF-8"?><?xml-stylesheet type="text/xsl" href="static/style.xsl"?><OAI-PMH xmlns="http://www.openarchives.org/OAI/2.0/" xmlns:xsi="http://www.w3.org/2001/XMLSchema-instance" xsi:schemaLocation="http://www.openarchives.org/OAI/2.0/ http://www.openarchives.org/OAI/2.0/OAI-PMH.xsd"><responseDate>2026-06-07T16:54:05Z</responseDate><request verb="GetRecord" identifier="oai:docta.ucm.es:20.500.14352/103694" metadataPrefix="marc">https://docta.ucm.es/rest/oai/request</request><GetRecord><record><header><identifier>oai:docta.ucm.es:20.500.14352/103694</identifier><datestamp>2025-09-12T17:56:01Z</datestamp><setSpec>com_20.500.14352_14</setSpec><setSpec>col_20.500.14352_15</setSpec></header><metadata><record xmlns="http://www.loc.gov/MARC21/slim" xmlns:dcterms="http://purl.org/dc/terms/" xmlns:xsi="http://www.w3.org/2001/XMLSchema-instance" xmlns:doc="http://www.lyncode.com/xoai" xsi:schemaLocation="http://www.loc.gov/MARC21/slim http://www.loc.gov/standards/marcxml/schema/MARC21slim.xsd">
   <leader>00925njm 22002777a 4500</leader>
   <datafield ind2=" " ind1=" " tag="042">
      <subfield code="a">dc</subfield>
   </datafield>
   <datafield ind2=" " ind1=" " tag="720">
      <subfield code="a">Cruzado Rodríguez, Juan Antonio</subfield>
      <subfield code="e">author</subfield>
   </datafield>
   <datafield ind2=" " ind1=" " tag="720">
      <subfield code="a">Martínez García, Vanesa</subfield>
      <subfield code="e">author</subfield>
   </datafield>
   <datafield ind2=" " ind1=" " tag="720">
      <subfield code="a">Pacheco González, Irene</subfield>
      <subfield code="e">author</subfield>
   </datafield>
   <datafield ind2=" " ind1=" " tag="720">
      <subfield code="a">Salas Gutiérrez, Verónica</subfield>
      <subfield code="e">author</subfield>
   </datafield>
   <datafield ind2=" " ind1=" " tag="720">
      <subfield code="a">Jarabo Sarceda, José Ramón</subfield>
      <subfield code="e">author</subfield>
   </datafield>
   <datafield ind2=" " ind1=" " tag="720">
      <subfield code="a">Calatayud Gastardi, Joaquín</subfield>
      <subfield code="e">author</subfield>
   </datafield>
   <datafield ind2=" " ind1=" " tag="720">
      <subfield code="a">Valle Teresa, Laura del</subfield>
      <subfield code="e">author</subfield>
   </datafield>
   <datafield ind2=" " ind1=" " tag="720">
      <subfield code="a">Fernández Martín, Elena</subfield>
      <subfield code="e">author</subfield>
   </datafield>
   <datafield ind2=" " ind1=" " tag="720">
      <subfield code="a">Gómez Martínez, Ana María</subfield>
      <subfield code="e">author</subfield>
   </datafield>
   <datafield ind2=" " ind1=" " tag="720">
      <subfield code="a">Hernando Trancho, Florentino</subfield>
      <subfield code="e">author</subfield>
   </datafield>
   <datafield ind2=" " ind1=" " tag="260">
      <subfield code="c">2022</subfield>
   </datafield>
   <datafield ind2=" " ind1=" " tag="520">
      <subfield code="a">Objectives: (a) to evaluate and compare the psychological treatment needs of patients with cancer and non-cancer, who are going to undergo scheduled thoracic surgery, and (b) evaluate and compare the diagnostic accuracy of the screening tests of psychological treatment needs for cancer and non-cancer patients. Method: The need for psychological treatment was evaluated in a total of 169 patients prior to thoracic surgery, through a clinical interview. The screening tests used were: the physician’s judgment (yes/no), the Hospital Anxiety and Depression Scale (HADS) and, the single-item interview to assess depression ‘‘Do you feel depressed?’’ (DEPQ). Results: The number of patients who needed psychological treatment in the total sample was 47 (27.81%), in non-cancer-patients: 22 (30.99%) and in cancer patients: 25 (25.51%). The participants with treatment needs were more often young women with primary education levels, with more fears and concerns regarding their disease. With respect to the screening tests, the HADS-T (cut-off point =13) obtained a sensitivity (SE) of 0.75 and Specificity (SP) of 0.81 in the total sample. In patients with cancer, the HADS total score (cut-off point  10) obtained an SE = 0.84 and SP = 0.80, and, in non-cancer patients, the HADS total score (cut-off point=13) showed an SE = 0.59 and SP = 0.84. The DEPQ and the physician’s judgment did not achieve adequate levels of precision. Conclusions: A high percentage of patients have psychological treatment needs before performing thoracic surgery, which are similar for cancer and non-cancer patients. Preoperative detection of patients who need psychological intervention is feasible with a simple screening test: HADS, which achieves greater precision in cancer patients.</subfield>
   </datafield>
   <datafield ind1="8" ind2=" " tag="024">
      <subfield code="a">Cruzado, J. A., Martínez-García, V., González, I. P., Gutiérrez, V. S., Jarabo-Sarceda, J. R., Calatayud-Gastardi, J., Teresa, L. D. V., Fernández-Martín, E., Gómez-Martínez, A. M., &amp; Hernando-Trancho, F. (2022). Preoperative detection and evaluation of the need for psychological intervention in cancer and non-cancer patients referred to thoracic surgery. Cirugia espanola, 100(6), 359–366. https://doi.org/10.1016/j.cireng.2022.06.014</subfield>
   </datafield>
   <datafield ind1="8" ind2=" " tag="024">
      <subfield code="a">0009-739X</subfield>
   </datafield>
   <datafield ind1="8" ind2=" " tag="024">
      <subfield code="a">10.1016/j.cireng.2022.06.014</subfield>
   </datafield>
   <datafield ind1="8" ind2=" " tag="024">
      <subfield code="a">https://hdl.handle.net/20.500.14352/103694</subfield>
   </datafield>
   <datafield ind1="8" ind2=" " tag="024">
      <subfield code="a">https://doi.org/10.1016/j.cireng.2022.06.014</subfield>
   </datafield>
   <datafield ind2="0" ind1="0" tag="245">
      <subfield code="a">Detection and evaluation of preoperative psychological care needs in cancer and noncancer patients referred to thoracic surgery</subfield>
   </datafield>
</record></metadata></record></GetRecord></OAI-PMH>